[Event "Titled Tuesday intern op 21st Dec"]
[Site "Chess.com INT"]
[Date "2021.12.21"]
[Round "2"]
[White "Shyam, Nikil P"]
[Black "Rangel, Daniel"]
[Result "1-0"]
[WhiteElo "2442"]
[BlackElo "2196"]
[PlyCount "65"]
[EventDate "2021.12.21"]
[EventType "swiss (blitz)"]
[EventRounds "11"]
[EventCountry "USA"]
[SourceTitle "CBM 205 Extra"]
[Source "ChessBase"]
[SourceDate "2022.01.31"]
[SourceVersion "1"]
[SourceVersionDate "2022.01.31"]
[SourceQuality "1"]

1. e4 c6 2. Nc3 d5 3. Nf3 dxe4 4. Nxe4 Nf6 5. Nxf6+ exf6 6. Bc4 Bd6 7. O-O O-O 8. h3 Nd7 9. d4 Re8 10. Nh4 Nf8 11. Qh5 g6 12. Qd1 Be6 13. Bxe6 Nxe6 14. Nf3 Bc7 15. c3 Qd6 16. Re1 Rad8 17. Qb3 c5 18. Be3 cxd4 19. Bxd4 Nxd4 20. cxd4 Bb6 21. Rxe8+ Rxe8 22. Rd1 Re4 23. Qc2 Qd5 24. a3 Kg7 25. Qd2 h5 26. Re1 f5 27. Rc1 f6 28. Rc8 g5 29. Qb4 g4 30. Qf8+ Kg6 31. Nh4+ Kg5 32. Qg7+ Kxh4 33. Qxf6# 1-0

[Event "Titled Tuesday intern op 21st Dec"]
[Site "Chess.com INT"]
[Date "2021.12.21"]
[Round "2"]
[White "Siniauski, Artsiom"]
[Black "Ozdemir, Serhan Berat"]
[Result "1-0"]
[WhiteElo "2301"]
[BlackElo "2178"]
[PlyCount "53"]
[EventDate "2021.12.21"]
[EventType "swiss (blitz)"]
[EventRounds "11"]
[EventCountry "USA"]
[SourceTitle "CBM 205 Extra"]
[Source "ChessBase"]
[SourceDate "2022.01.31"]
[SourceVersion "1"]
[SourceVersionDate "2022.01.31"]
[SourceQuality "1"]

1. e4 c5 2. Nf3 e6 3. c4 a6 4. Nc3 Qc7 5. Be2 Nf6 6. d4 cxd4 7. Nxd4 b6 8. Be3 Bb7 9. Qc2 Bb4 10. f3 Nc6 11. Nxc6 dxc6 12. O-O-O O-O 13. h4 b5 14. h5 Nd7 15. h6 g6 16. a3 Bc5 17. Bg5 Nb6 18. e5 Be7 19. Bxe7 Qxe7 20. Ne4 c5 21. Nf6+ Kh8 22. Rd6 Nxc4 23. Bxc4 bxc4 24. Rd7 Qxd7 25. Nxd7 Bd5 26. Nxf8 Rxf8 27. Qd2 1-0

[Event "Titled Tuesday intern op 21st Dec"]
[Site "Chess.com INT"]
[Date "2021.12.21"]
[Round "2"]
[White "Skatchkov, Valery"]
[Black "Warmerdam, Max"]
[Result "0-1"]
[WhiteElo "2263"]
[BlackElo "2599"]
[PlyCount "82"]
[EventDate "2021.12.21"]
[EventType "swiss (blitz)"]
[EventRounds "11"]
[EventCountry "USA"]
[SourceTitle "CBM 205 Extra"]
[Source "ChessBase"]
[SourceDate "2022.01.31"]
[SourceVersion "1"]
[SourceVersionDate "2022.01.31"]
[SourceQuality "1"]

1. d4 d5 2. c4 e6 3. Nf3 a6 4. g3 dxc4 5. Bg2 Nc6 6. O-O Rb8 7. a4 Nf6 8. e3 b5 9. axb5 axb5 10. b3 cxb3 11. Qxb3 Bd6 12. Bb2 O-O 13. Ne5 Ne7 14. Ra7 Bxe5 15. dxe5 Nfd5 16. Rd1 c5 17. e4 Qb6 18. exd5 Qxa7 19. d6 Nd5 20. Nc3 c4 21. Qc2 Nxc3 22. Bxc3 Bb7 23. Bd4 Qa5 24. Ra1 Qd8 25. Ba7 Bxg2 26. Bxb8 Qxb8 27. Kxg2 Rc8 28. f3 h6 29. Rb1 Qb7 30. Qb2 c3 31. Qc2 b4 32. h4 Rc5 33. Rd1 b3 34. d7 Qxd7 35. Qxb3 Qc7 36. f4 c2 37. Rc1 Rc3 38. Qb5 h5 39. Kf2 g6 40. Ke2 Rxg3 41. Kd2 Qc3+ 0-1

[Event "Titled Tuesday intern op 21st Dec"]
[Site "Chess.com INT"]
[Date "2021.12.21"]
[Round "2"]
[White "Slavin, Alexei"]
[Black "Agasarov, Benik"]
[Result "0-1"]
[WhiteElo "2364"]
[BlackElo "2205"]
[PlyCount "78"]
[EventDate "2021.12.21"]
[EventType "swiss (blitz)"]
[EventRounds "11"]
[EventCountry "USA"]
[SourceTitle "CBM 205 Extra"]
[Source "ChessBase"]
[SourceDate "2022.01.31"]
[SourceVersion "1"]
[SourceVersionDate "2022.01.31"]
[SourceQuality "1"]

1. e4 e5 2. Nf3 Nc6 3. c3 d5 4. Qa4 f6 5. d3 Nge7 6. Be2 Bd7 7. Qc2 g6 8. O-O Bg7 9. b4 a6 10. a4 O-O 11. Ba3 b5 12. Nbd2 f5 13. axb5 axb5 14. c4 bxc4 15. exd5 Nxd5 16. dxc4 Nf4 17. Nb3 e4 18. b5 exf3 19. Bxf3 Ne5 20. Bxa8 Qxa8 21. f3 Re8 22. Bc1 Nh3+ 23. Kh1 Ng4 24. Rxa8 Ngf2+ 25. Rxf2 Nxf2+ 26. Qxf2 Rxa8 27. g3 Re8 28. Kg2 Be6 29. Nd2 Rd8 30. Qc5 Rd7 31. Qc6 Kf7 32. c5 Ke7 33. b6 Bd5 34. Qa8 Bxa8 35. bxc7 Rxc7 36. Nc4 Rxc5 37. Nb6 Rxc1 38. Nxa8 Rc6 39. Kh3 Ra6 0-1

[Event "Titled Tuesday intern op 21st Dec"]
[Site "Chess.com INT"]
[Date "2021.12.21"]
[Round "2"]
[White "Stoleriu, George"]
[Black "Jarocka, Liwia"]
[Result "1-0"]
[WhiteElo "2419"]
[BlackElo "2006"]
[PlyCount "63"]
[EventDate "2021.12.21"]
[EventType "swiss (blitz)"]
[EventRounds "11"]
[EventCountry "USA"]
[SourceTitle "CBM 205 Extra"]
[Source "ChessBase"]
[SourceDate "2022.01.31"]
[SourceVersion "1"]
[SourceVersionDate "2022.01.31"]
[SourceQuality "1"]

1. e4 c5 2. Nf3 Nc6 3. Bb5 g6 4. Bxc6 dxc6 5. d3 Bg7 6. h3 Nf6 7. O-O O-O 8. Nc3 Nd7 9. Be3 e5 10. Qd2 b6 11. Bh6 Re8 12. Bxg7 Kxg7 13. a4 a5 14. b3 Nf8 15. Nd1 f6 16. Ne3 Ne6 17. Nc4 Nf4 18. h4 Be6 19. g3 Bxc4 20. gxf4 Bg8 21. fxe5 fxe5 22. Qg5 Qd6 23. h5 Rf8 24. h6+ Kh8 25. Qxe5+ Qxe5 26. Nxe5 Rac8 27. f4 Be6 28. Kg2 Rf6 29. Kg3 Rcf8 30. Nxc6 g5 31. f5 Bxf5 32. Rxf5 1-0

[Event "Titled Tuesday intern op 21st Dec"]
[Site "Chess.com INT"]
[Date "2021.12.21"]
[Round "2"]
[White "Swicarz, Maciej"]
[Black "Shapiro, Daniel E"]
[Result "0-1"]
[WhiteElo "2330"]
[BlackElo "2284"]
[PlyCount "80"]
[EventDate "2021.12.21"]
[EventType "swiss (blitz)"]
[EventRounds "11"]
[EventCountry "USA"]
[SourceTitle "CBM 205 Extra"]
[Source "ChessBase"]
[SourceDate "2022.01.31"]
[SourceVersion "1"]
[SourceVersionDate "2022.01.31"]
[SourceQuality "1"]

1. c4 e5 2. Nc3 Nf6 3. Nf3 Nc6 4. e4 h6 5. a3 a5 6. d4 exd4 7. Nxd4 Bc5 8. Nxc6 bxc6 9. Be2 Qe7 10. Qc2 O-O 11. O-O Re8 12. Bd3 d6 13. Bf4 Ng4 14. h3 Ne5 15. Be2 Be6 16. b3 Bd4 17. Kh1 Qf6 18. Bg3 Ng6 19. Rac1 Nf4 20. Bxf4 Qxf4 21. Bd3 Be5 22. g3 Qf3+ 23. Kh2 Qh5 24. Rh1 Qxh3+ 25. Kg1 Qg4 26. Ne2 Rf8 27. Qd2 f5 28. Rh4 Qg6 29. Nf4 Qg5 30. Rd1 Bd7 31. exf5 Bxf5 32. Bxf5 Rxf5 33. Ng2 Raf8 34. Qxg5 hxg5 35. Rg4 Rxf2 36. Rxg5 R2f3 37. Rb1 Rxg3 38. Rxg3 Bxg3 39. Rb2 Rf3 40. Rb1 Rf2 0-1

[Event "Titled Tuesday intern op 21st Dec"]
[Site "Chess.com INT"]
[Date "2021.12.21"]
[Round "2"]
[White "Sychev, Klementy"]
[Black "Bouget, Alexandre"]
[Result "1-0"]
[WhiteElo "2550"]
[BlackElo "2250"]
[PlyCount "97"]
[EventDate "2021.12.21"]
[EventType "swiss (blitz)"]
[EventRounds "11"]
[EventCountry "USA"]
[SourceTitle "CBM 205 Extra"]
[Source "ChessBase"]
[SourceDate "2022.01.31"]
[SourceVersion "1"]
[SourceVersionDate "2022.01.31"]
[SourceQuality "1"]

1. d4 Nf6 2. Nf3 e6 3. Bf4 d5 4. e3 Bd6 5. Ne5 O-O 6. Nd2 c5 7. c3 Nc6 8. Bd3 Qc7 9. Ndf3 b6 10. Rc1 Bb7 11. b4 c4 12. Bb1 b5 13. h4 a5 14. a3 axb4 15. axb4 Ne4 16. Ng5 Nxe5 17. dxe5 Bxe5 18. Qh5 h6 19. Nxe6 fxe6 20. Bxe5 Qf7 21. Qxf7+ Rxf7 22. f3 Nf6 23. O-O Nd7 24. Bg3 e5 25. h5 Ra3 26. Bg6 Re7 27. Ra1 Rxc3 28. Ra7 Nf6 29. Bxe5 Rxe5 30. Rxb7 Rcxe3 31. Ra1 d4 32. Raa7 Ne8 33. Bxe8 Re1+ 34. Kf2 Rxe8 35. Rxg7+ Kh8 36. Rh7+ Kg8 37. Rag7+ Kf8 38. Rd7 R8e2+ 39. Kg3 Re7 40. Rh8+ Kg7 41. Rhd8 d3 42. Kf4 Kf6 43. g4 Ke6 44. Rd6+ Kf7 45. Rxh6 R1e2 46. Rd5 R7e6 47. Rh7+ Ke8 48. Rxb5 d2 49. Rb8# 1-0

[Event "Titled Tuesday intern op 21st Dec"]
[Site "Chess.com INT"]
[Date "2021.12.21"]
[Round "2"]
[White "Taboas Rodriguez, Daniel"]
[Black "Muromtsev, Arthur"]
[Result "1-0"]
[WhiteElo "2367"]
[BlackElo "2129"]
[PlyCount "105"]
[EventDate "2021.12.21"]
[EventType "swiss (blitz)"]
[EventRounds "11"]
[EventCountry "USA"]
[SourceTitle "CBM 205 Extra"]
[Source "ChessBase"]
[SourceDate "2022.01.31"]
[SourceVersion "1"]
[SourceVersionDate "2022.01.31"]
[SourceQuality "1"]

1. d4 Nf6 2. Nf3 g6 3. c4 Bg7 4. Nc3 O-O 5. e4 d6 6. Be2 e5 7. dxe5 dxe5 8. Qxd8 Rxd8 9. Bg5 c6 10. Nxe5 Re8 11. O-O-O Nfd7 12. Nxd7 Nxd7 13. f3 Bxc3 14. bxc3 f6 15. Bf4 Nb6 16. Bd6 Be6 17. Rd4 c5 18. Bxc5 Na4 19. Bb4 a5 20. Bd6 Nxc3 21. Rd2 Rec8 22. c5 b6 23. Kb2 Nxe2 24. Rxe2 bxc5 25. Rc1 c4 26. Kc3 Rc6 27. Rd2 Rd8 28. Rcd1 a4 29. Be7 Rd3+ 30. Kb4 Rxd2 31. Rxd2 c3 32. Rc2 Kf7 33. Bc5 Rc8 34. a3 Rb8+ 35. Kxc3 Rb3+ 36. Kd4 Rb1 37. Bb4 Bb3 38. Rc7+ Ke8 39. Rxh7 Rb2 40. g4 Rf2 41. Ke3 Rf1 42. Ke2 Bc4+ 43. Ke3 Bb3 44. Re7+ Kd8 45. Rg7 Bd1 46. Rxg6 Rxf3+ 47. Kd2 Bb3 48. h4 Rf4 49. Ke3 Rf1 50. h5 Ke8 51. h6 Kf7 52. Rg7+ Ke6 53. h7 1-0

[Event "Titled Tuesday intern op 21st Dec"]
[Site "Chess.com INT"]
[Date "2021.12.21"]
[Round "2"]
[White "Terletsky, Oleg"]
[Black "Nasuta, Grzegorz"]
[Result "0-1"]
[WhiteElo "2154"]
[BlackElo "2521"]
[PlyCount "90"]
[EventDate "2021.12.21"]
[EventType "swiss (blitz)"]
[EventRounds "11"]
[EventCountry "USA"]
[SourceTitle "CBM 205 Extra"]
[Source "ChessBase"]
[SourceDate "2022.01.31"]
[SourceVersion "1"]
[SourceVersionDate "2022.01.31"]
[SourceQuality "1"]

1. e4 c5 2. Nf3 d6 3. d4 cxd4 4. Nxd4 Nf6 5. Nc3 a6 6. Bc4 e6 7. O-O b5 8. Bb3 Be7 9. Qf3 Qc7 10. Qg3 O-O 11. Bh6 Ne8 12. Rad1 Kh8 13. Bg5 Nf6 14. Qh4 Nbd7 15. Bxe6 fxe6 16. Nxe6 Qb7 17. Nxf8 Nxf8 18. Nd5 Nxd5 19. Rxd5 Ng6 20. Qh5 Be6 21. Rd3 Bxg5 22. Qxg5 Bc4 23. Rxd6 Bxf1 24. Rd8+ Nf8 25. Kxf1 Qxe4 26. Qd5 Qxd5 27. Rxd5 Kg8 28. Ke2 Kf7 29. f4 Re8+ 30. Kf3 Re6 31. f5 Rc6 32. c3 Ke7 33. g4 Nd7 34. g5 Nb6 35. Re5+ Kf7 36. Re2 Rc5 37. Kf4 Nd5+ 38. Kg4 Ne7 39. Rf2 Re5 40. h4 h6 41. f6 Nd5 42. fxg7+ Kxg7 43. gxh6+ Kxh6 44. Rf5 Ne3+ 45. Kf4 Rxf5+ 0-1

[Event "Titled Tuesday intern op 21st Dec"]
[Site "Chess.com INT"]
[Date "2021.12.21"]
[Round "2"]
[White "Terry, Renato"]
[Black "Brunner, Nicolas"]
[Result "1-0"]
[WhiteElo "2504"]
[BlackElo "2415"]
[PlyCount "217"]
[EventDate "2021.12.21"]
[EventType "swiss (blitz)"]
[EventRounds "11"]
[EventCountry "USA"]
[SourceTitle "CBM 205 Extra"]
[Source "ChessBase"]
[SourceDate "2022.01.31"]
[SourceVersion "1"]
[SourceVersionDate "2022.01.31"]
[SourceQuality "1"]

1. e4 e5 2. Nf3 Nc6 3. c3 d5 4. Qa4 f6 5. Bb5 Nge7 6. exd5 Qxd5 7. d4 a6 8. Bc4 Qe4+ 9. Be3 Qg6 10. Nbd2 e4 11. d5 exf3 12. dxc6 Nxc6 13. Bd5 Bd7 14. Nxf3 Nb4 15. Qb3 Nc2+ 16. Ke2 Nxa1 17. Qxb7 Rd8 18. Rxa1 Bd6 19. Rd1 Ke7 20. Bb3 Rhe8 21. Qxa6 Kf8 22. Kf1 Qh5 23. Rd5 Qg6 24. Qd3 Qxd3+ 25. Rxd3 Bb5 26. c4 Ba6 27. Nd4 c5 28. Nf5 Be5 29. Bxc5+ Kf7 30. Nd6+ Bxd6 31. Rxd6 Rxd6 32. Bxd6 Rc8 33. Ke2 Bxc4+ 34. Bxc4+ Rxc4 35. Kd3 Rc1 36. Bf4 Rf1 37. Be3 Ke6 38. a4 Kd5 39. a5 Ra1 40. Bb6 Ra2 41. Kc3 Kc6 42. Kb3 Ra1 43. h4 Kb5 44. g3 f5 45. Kc3 Rd1 46. Kc2 Rd7 47. Kc3 g6 48. Kc2 Rd5 49. Kc3 Rd7 50. b3 Rd5 51. b4 Rd7 52. Bc5 Rd5 53. Bd4 Rd7 54. Kd3 Kxb4 55. a6 Rd8 56. a7 Kb5 57. Ke3 Kc6 58. Be5 Kb7 59. Bd4 Re8+ 60. Kd3 Rd8 61. Kc4 Rc8+ 62. Kd5 Rc2 63. Ke5 Rd2 64. Be3 Rd7 65. Kf6 Rc7 66. Kg5 Rd7 67. Kh6 Ka8 68. h5 gxh5 69. Kxh5 Rf7 70. Kg5 Kb7 71. Kf4 Ka8 72. Ke5 Kb7 73. Ke6 Rf8 74. Ke7 Rc8 75. Kf6 Rf8+ 76. Kg7 Rc8 77. Kxh7 Rc6 78. Kg7 Rd6 79. Kf7 Rc6 80. Ke7 Ra6 81. Bd4 Rg6 82. Kf7 Rd6 83. Be3 Rc6 84. Kg7 Ra6 85. Bd4 Rd6 86. Bf6 Kxa7 87. Kg6 Rd5 88. f4 Rd3 89. Bh4 Rd5 90. Kf6 Kb7 91. Ke6 Rb5 92. Bf6 Rb3 93. Bh4 Rb5 94. Kf6 Kc6 95. Kg6 Kd5 96. Kxf5 Kd6+ 97. Kg6 Ke6 98. g4 Rb4 99. Bg5 Rc4 100. f5+ Kd7 101. Kh5 Ke8 102. Bh4 Kf7 103. g5 Rf4 104. g6+ Kg7 105. Kg5 Rf1 106. Kg4 Rg1+ 107. Kf4 Rf1+ 108. Ke4 Re1+ 109. Bxe1 1-0

[Event "Titled Tuesday intern op 21st Dec"]
[Site "Chess.com INT"]
[Date "2021.12.21"]
[Round "2"]
[White "Tologontegin, Semetey"]
[Black "Degtiarev, Evgeny"]
[Result "1-0"]
[WhiteElo "2381"]
[BlackElo "2380"]
[PlyCount "63"]
[EventDate "2021.12.21"]
[EventType "swiss (blitz)"]
[EventRounds "11"]
[EventCountry "USA"]
[SourceTitle "CBM 205 Extra"]
[Source "ChessBase"]
[SourceDate "2022.01.31"]
[SourceVersion "1"]
[SourceVersionDate "2022.01.31"]
[SourceQuality "1"]

1. d4 d5 2. c4 c6 3. Nc3 Nf6 4. e3 a6 5. a4 e6 6. Nf3 c5 7. cxd5 exd5 8. Bd3 Nc6 9. O-O Be7 10. dxc5 Bxc5 11. b3 O-O 12. Bb2 h6 13. Rc1 Qe7 14. h3 Rd8 15. Re1 Ba3 16. Bxa3 Qxa3 17. Bb1 Be6 18. Ne2 Rac8 19. Ned4 Nxd4 20. Nxd4 Qb4 21. Qd3 Kf8 22. Red1 Qa3 23. Qd2 Qe7 24. Qa5 Qa3 25. Qb6 Qe7 26. b4 Nd7 27. Qxb7 Rb8 28. Qxa6 Ra8 29. Qc6 Qxb4 30. Nxe6+ fxe6 31. Qxe6 Nf6 32. Rc7 1-0

[Event "Titled Tuesday intern op 21st Dec"]
[Site "Chess.com INT"]
[Date "2021.12.21"]
[Round "2"]
[White "Tomaszewski, Kacper"]
[Black "Ruiz Aguilar, Pablo Alexander"]
[Result "1-0"]
[WhiteElo "2307"]
[BlackElo "2171"]
[PlyCount "53"]
[EventDate "2021.12.21"]
[EventType "swiss (blitz)"]
[EventRounds "11"]
[EventCountry "USA"]
[SourceTitle "CBM 205 Extra"]
[Source "ChessBase"]
[SourceDate "2022.01.31"]
[SourceVersion "1"]
[SourceVersionDate "2022.01.31"]
[SourceQuality "1"]

1. c4 c6 2. d4 d5 3. Nc3 Nf6 4. cxd5 cxd5 5. Bg5 e6 6. e3 Be7 7. Bd3 O-O 8. Nf3 Nc6 9. Rc1 h6 10. Bh4 Bd7 11. O-O Rc8 12. Bb1 a6 13. Na4 Ne4 14. Bxe7 Nxe7 15. Rxc8 Qxc8 16. Bxe4 Bxa4 17. Qxa4 dxe4 18. Nd2 f5 19. Nb3 Qc2 20. Qd7 Rf7 21. Qe8+ Rf8 22. Qxe7 Qxb2 23. Qxe6+ Kh7 24. Nc5 b6 25. Nd7 Rd8 26. Qxf5+ Kh8 27. Ne5 1-0

[Event "Titled Tuesday intern op 21st Dec"]
[Site "Chess.com INT"]
[Date "2021.12.21"]
[Round "2"]
[White "Tsatsalashvili, Ketevan"]
[Black "Le Goff, Ronan"]
[Result "0-1"]
[WhiteElo "2331"]
[BlackElo "2280"]
[PlyCount "82"]
[EventDate "2021.12.21"]
[EventType "swiss (blitz)"]
[EventRounds "11"]
[EventCountry "USA"]
[SourceTitle "CBM 205 Extra"]
[Source "ChessBase"]
[SourceDate "2022.01.31"]
[SourceVersion "1"]
[SourceVersionDate "2022.01.31"]
[SourceQuality "1"]

1. d4 Nf6 2. Nf3 e6 3. c4 d5 4. Bg5 Be7 5. e3 h6 6. Bh4 Nbd7 7. Nc3 O-O 8. cxd5 Nxd5 9. Bg3 Nxc3 10. bxc3 b6 11. Bd3 Bb7 12. O-O c5 13. Qe2 Nf6 14. Ne5 Rc8 15. Ba6 Bxa6 16. Qxa6 Ne4 17. Rac1 Bd6 18. Nf3 Bxg3 19. hxg3 Qe7 20. Qa3 Qb7 21. Rfd1 Rfd8 22. Nd2 Nxd2 23. Rxd2 cxd4 24. cxd4 Rxc1+ 25. Qxc1 Rc8 26. Rc2 Rxc2 27. Qxc2 g6 28. g4 b5 29. Qc5 a5 30. a3 b4 31. Qxa5 b3 32. Qe1 b2 33. Qb1 Qb3 34. a4 Qc3 35. Kh2 Qc1 36. Qe4 b1=Q 37. Qa8+ Kg7 38. d5 Qh1+ 39. Kg3 Qe4 40. a5 Qhxg2+ 41. Kh4 Qgxg4# 0-1

[Event "Titled Tuesday intern op 21st Dec"]
[Site "Chess.com INT"]
[Date "2021.12.21"]
[Round "2"]
[White "Turski, Bartlomiej"]
[Black "Silvestre, Christian"]
[Result "1/2-1/2"]
[WhiteElo "2114"]
[BlackElo "1942"]
[PlyCount "59"]
[EventDate "2021.12.21"]
[EventType "swiss (blitz)"]
[EventRounds "11"]
[EventCountry "USA"]
[SourceTitle "CBM 205 Extra"]
[Source "ChessBase"]
[SourceDate "2022.01.31"]
[SourceVersion "1"]
[SourceVersionDate "2022.01.31"]
[SourceQuality "1"]

1. e4 c6 2. d4 d5 3. exd5 cxd5 4. Bd3 Nc6 5. c3 Qc7 6. Ne2 Bg4 7. O-O e6 8. f3 Bh5 9. Qe1 Bg6 10. Bf4 Bd6 11. Bxd6 Qxd6 12. Bxg6 hxg6 13. Qg3 Qxg3 14. hxg3 Nge7 15. g4 g5 16. Nd2 Kd7 17. Kf2 Rh4 18. Rh1 Rah8 19. Ng3 Rxh1 20. Rxh1 Rxh1 21. Nxh1 f6 22. Ng3 g6 23. Ne2 b5 24. g3 b4 25. f4 gxf4 26. gxf4 e5 27. fxe5 bxc3 28. bxc3 fxe5 29. dxe5 Nxe5 30. Kg3 1/2-1/2

[Event "Titled Tuesday intern op 21st Dec"]
[Site "Chess.com INT"]
[Date "2021.12.21"]
[Round "2"]
[White "Urbina Perez, Juan Antonio"]
[Black "Zaksaite, Salomeja"]
[Result "1-0"]
[WhiteElo "2284"]
[BlackElo "2261"]
[PlyCount "135"]
[EventDate "2021.12.21"]
[EventType "swiss (blitz)"]
[EventRounds "11"]
[EventCountry "USA"]
[SourceTitle "CBM 205 Extra"]
[Source "ChessBase"]
[SourceDate "2022.01.31"]
[SourceVersion "1"]
[SourceVersionDate "2022.01.31"]
[SourceQuality "1"]

1. e4 c5 2. Nf3 e6 3. g3 Nc6 4. Bg2 Nf6 5. Qe2 e5 6. O-O d6 7. c3 Be7 8. h3 O-O 9. Rd1 Qc7 10. d4 h6 11. Na3 a6 12. Nc2 cxd4 13. cxd4 exd4 14. Ncxd4 Re8 15. Nxc6 bxc6 16. Bf4 Bf8 17. e5 dxe5 18. Bxe5 Qe7 19. Qc4 Be6 20. Qxc6 Rec8 21. Qd6 Qxd6 22. Bxd6 Bxd6 23. Rxd6 Rab8 24. b3 a5 25. Nd4 Rd8 26. Rxd8+ Rxd8 27. Nxe6 fxe6 28. Re1 Rd2 29. Rxe6 Rxa2 30. Ra6 Rb2 31. Kh2 Kh7 32. Rxa5 Rxb3 33. g4 Rb2 34. Kg3 Rb3+ 35. f3 g5 36. Bf1 Ne4+ 37. Kg2 Rb2+ 38. Kg1 Ng3 39. Bd3+ Kg7 40. Ra6 Ne2+ 41. Bxe2 Rxe2 42. Kf1 Rh2 43. Kg1 Rxh3 44. Kg2 Rh4 45. Rb6 h5 46. Rb7+ Kg6 47. Rb6+ Kg7 48. gxh5 Rxh5 49. Kg3 Rh1 50. Kg4 Rg1+ 51. Kf5 Rg2 52. Rb7+ Kh6 53. Rb6+ Kh5 54. Rb8 Kh6 55. Rg8 Rg1 56. Rh8+ Kg7 57. Rh5 Kf7 58. Rxg5 Ra1 59. Kg4 Ra4+ 60. f4 Kf6 61. Rb5 Rc4 62. Rb6+ Kf7 63. Kg5 Rc1 64. Rb7+ Kf8 65. Kf6 Rc6+ 66. Kg5 Ra6 67. Rc7 Rc6 68. Rxc6 1-0

[Event "Titled Tuesday intern op 21st Dec"]
[Site "Chess.com INT"]
[Date "2021.12.21"]
[Round "2"]
[White "Van Osch, Mees"]
[Black "Sargsyan, Anna M"]
[Result "0-1"]
[WhiteElo "2364"]
[BlackElo "2368"]
[PlyCount "60"]
[EventDate "2021.12.21"]
[EventType "swiss (blitz)"]
[EventRounds "11"]
[EventCountry "USA"]
[SourceTitle "CBM 205 Extra"]
[Source "ChessBase"]
[SourceDate "2022.01.31"]
[SourceVersion "1"]
[SourceVersionDate "2022.01.31"]
[SourceQuality "1"]

1. e4 c6 2. d4 d5 3. Nc3 dxe4 4. Nxe4 Nd7 5. Nf3 Ngf6 6. Neg5 h6 7. Nh3 g5 8. Nhg1 Bg7 9. Bd3 c5 10. Ne2 cxd4 11. Nexd4 Nc5 12. Bb5+ Bd7 13. Bc4 Nfe4 14. Be3 Nd6 15. Qe2 Nxc4 16. Qxc4 Rc8 17. O-O-O Qa5 18. Kb1 Na4 19. Qb3 O-O 20. h4 g4 21. Nd2 e5 22. Nc4 Qa6 23. Nd6 exd4 24. Nxc8 Rxc8 25. Bxd4 Be6 26. Qb4 Rc4 27. Qe7 Bxd4 28. Qd8+ Kg7 29. Rxd4 Rc8 30. Qd6 Nc3+ 0-1

[Event "Titled Tuesday intern op 21st Dec"]
[Site "Chess.com INT"]
[Date "2021.12.21"]
[Round "2"]
[White "Wagner, Dennis"]
[Black "Srebrnic, Marko"]
[Result "1-0"]
[WhiteElo "2584"]
[BlackElo "2372"]
[PlyCount "131"]
[EventDate "2021.12.21"]
[EventType "swiss (blitz)"]
[EventRounds "11"]
[EventCountry "USA"]
[SourceTitle "CBM 205 Extra"]
[Source "ChessBase"]
[SourceDate "2022.01.31"]
[SourceVersion "1"]
[SourceVersionDate "2022.01.31"]
[SourceQuality "1"]

1. d4 Nf6 2. c4 d6 3. Nc3 Bf5 4. Nf3 g6 5. d5 Bg7 6. Nd4 Bc8 7. e4 O-O 8. Be2 c5 9. Nf3 e6 10. h3 exd5 11. exd5 Re8 12. O-O a6 13. a4 Bf5 14. g4 Bc8 15. Bd3 Nbd7 16. Bf4 Ne5 17. Nxe5 dxe5 18. Bg3 Bh6 19. Re1 Nd7 20. Qf3 f6 21. Ne4 Rf8 22. Bh4 Bg7 23. Re2 Rb8 24. Rae1 b5 25. axb5 axb5 26. cxb5 Nb6 27. Nxc5 Kh8 28. Ne6 Bxe6 29. dxe6 Qd6 30. Rc1 Qxe6 31. Rc6 Qe7 32. b3 Nd7 33. Bc4 Rb6 34. Qd5 Rxc6 35. bxc6 Nb6 36. Qb5 Nxc4 37. Qxc4 Qd6 38. b4 f5 39. b5 fxg4 40. hxg4 Rf4 41. Qc2 Rxg4+ 42. Bg3 Qd4 43. Re3 Bh6 44. c7 Bxe3 45. c8=Q+ Kg7 46. Q2c7+ Kh6 47. Qf8+ Kh5 48. Qxh7+ Kg5 49. Qfe7+ Kf5 50. Qhf7+ Ke4 51. Kg2 Rxg3+ 52. fxg3 Qb2+ 53. Kh3 Bd4 54. Qb7+ Kd3 55. Qxg6+ e4 56. Qgxe4+ Kc3 57. Qbc6+ Kb4 58. Qxd4+ Qxd4 59. b6 Qh8+ 60. Kg4 Qg7+ 61. Kf3 Qf7+ 62. Ke3 Qb3+ 63. Ke4 Qb1+ 64. Ke5 Qe1+ 65. Qe4+ Qxe4+ 66. Kxe4 1-0

[Event "Titled Tuesday intern op 21st Dec"]
[Site "Chess.com INT"]
[Date "2021.12.21"]
[Round "2"]
[White "Ward, Ieuan C"]
[Black "Rozhkov, Viacheslav"]
[Result "0-1"]
[WhiteElo "2028"]
[BlackElo "2248"]
[PlyCount "86"]
[EventDate "2021.12.21"]
[EventType "swiss (blitz)"]
[EventRounds "11"]
[EventCountry "USA"]
[SourceTitle "CBM 205 Extra"]
[Source "ChessBase"]
[SourceDate "2022.01.31"]
[SourceVersion "1"]
[SourceVersionDate "2022.01.31"]
[SourceQuality "1"]

1. d4 d5 2. c4 dxc4 3. Nc3 a6 4. a4 Nc6 5. e3 Na5 6. Nf3 Nf6 7. Be2 e6 8. O-O c5 9. Ne5 cxd4 10. exd4 Nb3 11. Rb1 Qxd4 12. Nxc4 Qxd1 13. Bxd1 Nxc1 14. Rxc1 Bd7 15. Nb6 Rd8 16. Bf3 Bc6 17. Bxc6+ bxc6 18. a5 Bb4 19. Nca4 Bxa5 20. Rxc6 O-O 21. Nc4 Bb4 22. Rxa6 Rd4 23. Nab6 Rfd8 24. h3 h6 25. Raa1 Nd5 26. Nxd5 R8xd5 27. Ne3 Rb5 28. Rfd1 Bc5 29. Rxd4 Bxd4 30. Nc4 Rb4 31. Ra8+ Kh7 32. Rc8 Bxb2 33. Nxb2 Rxb2 34. h4 Kg6 35. g3 Kf5 36. Rc5+ e5 37. Rc7 Kg6 38. Kg2 h5 39. Rc6+ f6 40. Rc7 Rd2 41. Rb7 e4 42. Re7 f5 43. Ra7 e3 0-1

[Event "Titled Tuesday intern op 21st Dec"]
[Site "Chess.com INT"]
[Date "2021.12.21"]
[Round "2"]
[White "Yakimova, Mariya"]
[Black "Ardila, Oscar Humberto"]
[Result "0-1"]
[WhiteElo "2198"]
[BlackElo "1988"]
[PlyCount "124"]
[EventDate "2021.12.21"]
[EventType "swiss (blitz)"]
[EventRounds "11"]
[EventCountry "USA"]
[SourceTitle "CBM 205 Extra"]
[Source "ChessBase"]
[SourceDate "2022.01.31"]
[SourceVersion "1"]
[SourceVersionDate "2022.01.31"]
[SourceQuality "1"]

1. d4 Nf6 2. c4 e6 3. g3 Be7 4. Bg2 O-O 5. Nf3 d6 6. O-O Nbd7 7. Nc3 a6 8. e4 c5 9. d5 exd5 10. exd5 Rb8 11. a4 Re8 12. Re1 Bf8 13. Bf4 Nb6 14. b3 Bg4 15. h3 Bf5 16. Qd2 Qd7 17. Kh2 Rxe1 18. Rxe1 Re8 19. Nh4 Bg6 20. Nxg6 hxg6 21. Bf3 Nc8 22. Kg2 Ne7 23. g4 Nc8 24. Bg3 Rxe1 25. Qxe1 Be7 26. Qd2 Ne8 27. h4 Bf6 28. Ne4 b5 29. axb5 axb5 30. Qa5 bxc4 31. bxc4 Bd4 32. Qa8 Nc7 33. Qb8 Kh7 34. Ng5+ Kh6 35. Nxf7+ Kh7 36. Ng5+ Kh6 37. Bf4 Be5 38. Nf7+ Kh7 39. Nxe5 dxe5 40. Bxe5 Ne8 41. Bg3 Ncd6 42. Qb3 Nf6 43. Bxd6 Qxd6 44. Qe3 Qd7 45. Kg3 Qd6+ 46. Qf4 Qa6 47. Qe5 Qxc4 48. d6 Qd3 49. h5 gxh5 50. gxh5 c4 51. Kf4 c3 52. Be2 Qd2+ 53. Kg3 c2 54. Qf5+ Kg8 55. Qe6+ Kh8 56. Qc8+ Ng8 57. h6 Qg5+ 58. Kf3 Qf6+ 59. Kg2 Qg6+ 60. Kf3 Qh5+ 61. Ke3 Qxh6+ 62. Kd3 c1=Q 0-1